[Event "4NCL"]
[Site "Barcelo Hotel, Daventry, ENG"]
[Date "2011.03.26"]
[Round "7.40"]
[White "Sedgwick, David R"]
[Black "Shepley, Julien M"]
[Result "1/2-1/2"]
[WhiteElo "2044"]
[BlackElo "2043"]
[PlyCount "73"]
[EventDate "2011.??.??"]
[WhiteTeam "Channel Isolani"]
[BlackTeam "Guildford A&DC 3"]

1. e4 d6 2. d4 Nf6 3. Nc3 e5 4. Nf3 Nbd7 5. Bc4 Be7 6. O-O c6 7. a4 Qc7 8. Qe2
h6 9. b4 Nf8 10. h3 g5 11. dxe5 dxe5 12. Ba3 Ng6 13. Nh2 Nf4 14. Qe3 h5 15. Ne2
Rg8 16. b5 Be6 17. Bxe6 fxe6 18. Bxe7 Kxe7 19. Nxf4 gxf4 20. Qc5+ Qd6 21. Qxd6+
Kxd6 22. Rfd1+ Kc7 23. Nf3 Rg7 24. bxc6 bxc6 25. Nxe5 Rag8 26. f3 Rxg2+ 27. Kf1
Rxc2 28. Rac1 Rgg2 29. Rxc2 Rxc2 30. Nd3 e5 31. Nxe5 h4 32. Ng6 Nh5 33. Nxh4
Ng3+ 34. Kg1 Ne2+ 35. Kf1 Ng3+ 36. Kg1 Ne2+ 37. Kf1 1/2-1/2

[Event "4NCL"]
[Site "Barcelo Hotel, Daventry, ENG"]
[Date "2011.03.26"]
[Round "7.40"]
[White "Smart, Michael R"]
[Black "Jamieson, Ian M"]
[Result "1/2-1/2"]
[WhiteElo "1993"]
[BlackElo "2016"]
[PlyCount "27"]
[EventDate "2011.??.??"]
[WhiteTeam "Guildford A&DC 3"]
[BlackTeam "Channel Isolani"]

1. e4 e6 2. d4 d5 3. Nd2 Be7 4. c3 dxe4 5. Nxe4 Nd7 6. Nf3 b6 7. Bd3 Bb7 8. O-O
Ngf6 9. Nxf6+ Bxf6 10. Re1 O-O 11. Bf4 c5 12. Ne5 cxd4 13. cxd4 g6 14. Qe2
1/2-1/2

[Event "4NCL"]
[Site "Barcelo Hotel, Daventry, ENG"]
[Date "2011.03.26"]
[Round "7.40"]
[White "Rowe, Peter"]
[Black "Higgs, Anthony RJ"]
[Result "1/2-1/2"]
[WhiteElo "1985"]
[BlackElo "1976"]
[PlyCount "38"]
[EventDate "2011.??.??"]
[WhiteTeam "Channel Isolani"]
[BlackTeam "Guildford A&DC 3"]

1. d4 Nf6 2. Nf3 e6 3. Bf4 b6 4. e3 Bb7 5. Nbd2 Be7 6. Bd3 d6 7. h3 c5 8. c3
Nc6 9. O-O Rc8 10. Qe2 O-O 11. Rfd1 Re8 12. Bb5 Nd5 13. Bg3 cxd4 14. exd4 Nc7
15. Bd3 d5 16. Bxc7 Qxc7 17. Bb5 Rf8 18. Re1 Qf4 19. g3 Qh6 1/2-1/2

[Event "4NCL"]
[Site "Barcelo Hotel, Daventry, ENG"]
[Date "2011.03.26"]
[Round "7.41"]
[White "Hurney, Kevin"]
[Black "Eden, Tomer"]
[Result "0-1"]
[WhiteElo "2058"]
[BlackElo "2188"]
[PlyCount "60"]
[EventDate "2011.??.??"]
[WhiteTeam "Halesowen"]
[BlackTeam "British Universities CA"]

1. e4 c6 2. Nc3 d5 3. Nf3 Bg4 4. h3 Bh5 5. exd5 cxd5 6. Bb5+ Nc6 7. g4 Bg6 8.
Ne5 Rc8 9. d4 e6 10. Bf4 Bd6 11. Qe2 Nge7 12. h4 h5 13. Nxg6 Nxg6 14. Bxd6 Qxd6
15. gxh5 Nf4 16. Qg4 Nxh5 17. Rg1 g6 18. O-O-O Qf4+ 19. Kb1 Qxg4 20. Rxg4 Ke7
21. Be2 Ng7 22. Rf4 Rh6 23. Bf3 Rch8 24. Re1 Kf8 25. h5 Nxh5 26. Bxh5 Rxh5 27.
Ne2 Rh1 28. Rxh1 Rxh1+ 29. Nc1 g5 30. Rg4 f5 0-1

[Event "4NCL"]
[Site "Barcelo Hotel, Daventry, ENG"]
[Date "2011.03.26"]
[Round "7.41"]
[White "Doran, Michael J"]
[Black "Raoof, Adam N"]
[Result "0-1"]
[WhiteElo "1850"]
[BlackElo "2149"]
[PlyCount "108"]
[EventDate "2011.??.??"]
[WhiteTeam "Halesowen"]
[BlackTeam "British Universities CA"]

1. e4 g6 2. h4 h5 3. d4 c6 4. Nh3 d5 5. e5 Nh6 6. Bd3 Nf5 7. Ng5 Na6 8. c3 Nc7
9. Nd2 e6 10. Ndf3 b6 11. Bf4 Qd7 12. O-O c5 13. Re1 Ba6 14. dxc5 bxc5 15. Bxa6
Nxa6 16. Qe2 c4 17. b3 Rc8 18. Nd2 Nxh4 19. bxc4 Nc7 20. Red1 Qc6 21. g3 Nf5
22. cxd5 Nxd5 23. Nde4 Be7 24. Nd6+ Bxd6 25. exd6 Nxf4 26. d7+ Qxd7 27. Qe5 Qc6
28. Ne4 Ne2+ 29. Kh2 O-O 30. Nf6+ Kh8 31. Nd7+ f6 32. Qxe2 Rf7 33. g4 Rxd7 34.
Rxd7 Qxd7 35. gxf5 Qd6+ 36. Kg1 gxf5 37. Rd1 Rg8+ 38. Kf1 Qc6 39. Qxh5+ Kg7 40.
Rd3 Qc4 41. Qe2 Rc8 42. Rd7+ Kg6 43. Rxa7 f4 44. f3 Qxe2+ 45. Kxe2 Rxc3 46. a4
Kf5 47. a5 Re3+ 48. Kf2 Ra3 49. Ra8 Ra2+ 50. Ke1 Ke5 51. a6 Kd4 52. a7 Ke3 53.
Kf1 Kxf3 54. Kg1 e5 0-1

[Event "4NCL"]
[Site "Barcelo Hotel, Daventry, ENG"]
[Date "2011.03.26"]
[Round "7.42"]
[White "Horton, Jamie A"]
[Black "Savage, Nicholas W"]
[Result "1/2-1/2"]
[WhiteElo "1882"]
[BlackElo "2134"]
[PlyCount "124"]
[EventDate "2011.??.??"]
[WhiteTeam "3Cs 2"]
[BlackTeam "Iceni"]

1. e4 c5 2. Nc3 e6 3. f4 Nc6 4. Nf3 a6 5. g3 d5 6. d3 dxe4 7. Nxe4 Nf6 8. Nxf6+
Qxf6 9. Bg2 Bd7 10. O-O Bd6 11. Rb1 O-O 12. Bd2 Qd8 13. Ng5 h6 14. Ne4 Be7 15.
Be3 Nd4 16. Bf2 Rc8 17. Re1 Bc6 18. a3 Qa5 19. Qc1 Rfd8 20. Be3 f5 21. Nd2 Bxg2
22. Kxg2 Qa4 23. b3 Qc6+ 24. Kf2 Bf6 25. Qd1 Nb5 26. Qc1 Nc3 27. Ra1 Nd5 28.
Rb1 Nxe3 29. Rxe3 Bd4 30. Nc4 b5 31. Ne5 Qd5 32. Nf3 Bxe3+ 33. Qxe3 c4 34. bxc4
bxc4 35. d4 Rb8 36. Re1 Rd6 37. Qc3 Qb5 38. Re3 Rc8 39. Re5 Qa4 40. Re3 Qb5 41.
Re5 Qb6 42. Ke2 Rd5 43. Re3 Qd6 44. Kf2 Rb5 45. Ne5 Rb1 46. Nf3 Qb6 47. Nd2 Rh1
48. Nf1 Qc6 49. Rf3 g5 50. Re3 Rxf1+ 51. Kxf1 Qh1+ 52. Ke2 Qxh2+ 53. Kd1 Qh1+
54. Re1 Qd5 55. fxg5 hxg5 56. Qe3 Kf7 57. c3 Kf6 58. Kc2 Rb8 59. Qe2 Qb5 60.
Qxe6+ Kg7 61. Qe7+ Kg6 62. Qe6+ Kg7 1/2-1/2

[Event "4NCL"]
[Site "Barcelo Hotel, Daventry, ENG"]
[Date "2011.03.26"]
[Round "7.42"]
[White "Horton, Andrew P"]
[Black "Feavyour, John A"]
[Result "1/2-1/2"]
[WhiteElo "1746"]
[BlackElo "2069"]
[PlyCount "56"]
[EventDate "2011.??.??"]
[WhiteTeam "3Cs 2"]
[BlackTeam "Iceni"]

1. e4 c5 2. Nc3 Nc6 3. f4 d6 4. Nf3 g6 5. Bb5 Bg7 6. O-O Bd7 7. d3 e6 8. Qe1
Nge7 9. a3 O-O 10. g4 Rc8 11. Qh4 Nd4 12. Bxd7 Qxd7 13. f5 exf5 14. gxf5 gxf5
15. Bh6 Ng6 16. Qh5 Bxh6 17. Qxh6 Nxf3+ 18. Rxf3 f4 19. Nd5 f5 20. Qg5 fxe4 21.
dxe4 Qg7 22. Raf1 Rce8 23. Nxf4 Rxf4 24. Rxf4 Nxf4 25. Qxg7+ Kxg7 26. Rxf4 Re5
27. Kf2 Rh5 28. h4 b5 1/2-1/2

[Event "4NCL"]
[Site "Barcelo Hotel, Daventry, ENG"]
[Date "2011.03.26"]
[Round "7.42"]
[White "Hilton, Tim"]
[Black "Downham, Alan F"]
[Result "1/2-1/2"]
[WhiteElo "1522"]
[BlackElo "2024"]
[PlyCount "92"]
[EventDate "2011.??.??"]
[WhiteTeam "3Cs 2"]
[BlackTeam "Iceni"]

1. d4 d5 2. c4 c6 3. Nf3 Nf6 4. Nc3 e6 5. e3 Nbd7 6. Bd3 Bd6 7. cxd5 exd5 8.
Qc2 O-O 9. O-O Re8 10. Re1 Nf8 11. e4 dxe4 12. Nxe4 Nxe4 13. Bxe4 Bg4 14. Be3
Qd7 15. Ne5 Bxe5 16. dxe5 Rxe5 17. Bf4 Ree8 18. f3 Be6 19. Red1 Qe7 20. Bd6 Qh4
21. Bg3 Qh5 22. a4 Nd7 23. b4 Nf6 24. Re1 Nxe4 25. Qxe4 Qd5 26. Qxd5 cxd5 27.
Bf2 Rec8 28. Rac1 Rc4 29. Rxc4 dxc4 30. Bd4 a6 31. Kf2 Rd8 32. Ke3 f6 33. Re2
Kf7 34. Rd2 Bf5 35. g4 Bd3 36. Bc3 Re8+ 37. Kd4 Be2 38. h3 Bd3 39. Rf2 Rd8+ 40.
Kc5 Rd7 41. f4 Ke7 42. g5 Rd6 43. b5 b6+ 44. Kb4 a5+ 45. Ka3 Bf5 46. Re2+ Kf7
1/2-1/2

[Event "4NCL"]
[Site "Barcelo Hotel, Daventry, ENG"]
[Date "2011.03.26"]
[Round "7.43"]
[White "Quinn, Joseph R"]
[Black "Freeman, Richard CP"]
[Result "0-1"]
[WhiteElo "1828"]
[BlackElo "2039"]
[PlyCount "78"]
[EventDate "2011.??.??"]
[WhiteTeam "Guildford A&DC 4"]
[BlackTeam "FCA Solutions 2"]

1. e4 c5 2. Nf3 Nf6 3. d4 Nxe4 4. Qd3 d5 5. Qb5+ Nd7 6. Ne5 Qb6 7. f3 Nef6 8.
dxc5 Qxc5 9. Qxc5 Nxc5 10. Bb5+ Ncd7 11. Bg5 a6 12. Bxf6 gxf6 13. Bxd7+ Bxd7
14. Nxd7 Kxd7 15. Nc3 Kc6 16. O-O-O e6 17. Ne2 Bc5 18. Rd3 b5 19. Nf4 h5 20.
Re1 Bd6 21. g3 h4 22. Ne2 hxg3 23. hxg3 Rh3 24. f4 Rah8 25. Nd4+ Kd7 26. Kd1
Rh1 27. Rxh1 Rxh1+ 28. Ke2 Rh2+ 29. Kd1 Bc5 30. a3 Bxd4 31. Rxd4 Rg2 32. Rd3
Kd6 33. b3 e5 34. Kc1 e4 35. Re3 f5 36. b4 d4 37. Rb3 Kd5 38. Kd1 e3 39. Rd3
Ke4 0-1

[Event "4NCL"]
[Site "Barcelo Hotel, Daventry, ENG"]
[Date "2011.03.26"]
[Round "7.43"]
[White "Yiamakis, Albert"]
[Black "Adebajo, Olufemi"]
[Result "1-0"]
[WhiteElo "1736"]
[BlackElo "1971"]
[PlyCount "101"]
[EventDate "2011.??.??"]
[WhiteTeam "Guildford A&DC 4"]
[BlackTeam "FCA Solutions 2"]

1. e4 c5 2. Nf3 Nc6 3. d4 cxd4 4. Nxd4 g6 5. Be3 Bg7 6. Qd2 Nf6 7. Nc3 O-O 8.
Bc4 Ng4 9. Nxc6 bxc6 10. Bd4 Ne5 11. Bb3 d6 12. f4 Ng4 13. Bxg7 Kxg7 14. h3 Nf6
15. O-O-O Qb6 16. g4 Rb8 17. f5 Ba6 18. Rhg1 Nd7 19. h4 Ne5 20. Qf4 Bc4 21. h5
Bxb3 22. axb3 Qc5 23. hxg6 hxg6 24. Rh1 Rh8 25. g5 gxf5 26. exf5 Rhg8 27. f6+
Kf8 28. fxe7+ Kxe7 29. Ne4 Qa5 30. Qf6+ Kd7 31. Qxd6+ Kc8 32. Qe7 Qa1+ 33. Kd2
Qa5+ 34. c3 Qd5+ 35. Ke3 Ng4+ 36. Kf4 Qe5+ 37. Qxe5 Nxe5 38. Kxe5 Rxb3 39. Rd2
Re8+ 40. Kf5 Re7 41. Nc5 Rb5 42. Kf6 Re3 43. Rh8+ Kc7 44. Rd7+ Kb6 45. b4 Rf3+
46. Ke5 Rxc5+ 47. bxc5+ Kxc5 48. Rxa7 Re3+ 49. Kf4 Rxc3 50. Rxf7 Kd6 51. g6 1-0

[Event "4NCL"]
[Site "Barcelo Hotel, Daventry, ENG"]
[Date "2011.03.26"]
[Round "7.43"]
[White "Valentine, Brian J"]
[Black "Gunn, Michael J"]
[Result "1-0"]
[WhiteElo "1972"]
[BlackElo "1781"]
[PlyCount "45"]
[EventDate "2011.??.??"]
[WhiteTeam "FCA Solutions 2"]
[BlackTeam "Guildford A&DC 4"]

1. e4 e6 2. d4 d5 3. Nc3 Bb4 4. e5 Ne7 5. a3 Bxc3+ 6. bxc3 c5 7. Qg4 Qc7 8.
Qxg7 Rg8 9. Qxh7 cxd4 10. Ne2 dxc3 11. f4 b6 12. Nd4 a6 13. Rg1 Nd7 14. a4 Nf8
15. Qd3 Bb7 16. Ra3 Rc8 17. Rb3 Nfg6 18. Ne2 Qc5 19. Be3 Qa5 20. Bxb6 Qxa4 21.
Bd4 Bc6 22. Nxc3 Qc4 23. Qd2 1-0

[Event "4NCL"]
[Site "Barcelo Hotel, Daventry, ENG"]
[Date "2011.03.26"]
[Round "7.43"]
[White "Johnson, Mike J"]
[Black "Matthews, Adrian MS"]
[Result "0-1"]
[WhiteElo "1802"]
[BlackElo "1909"]
[PlyCount "78"]
[EventDate "2011.??.??"]
[WhiteTeam "Guildford A&DC 4"]
[BlackTeam "FCA Solutions 2"]

1. e4 c5 2. Nf3 Nc6 3. c3 Nf6 4. d3 e5 5. Bg5 Be7 6. Nbd2 h6 7. Bxf6 Bxf6 8. g3
O-O 9. Bg2 d6 10. O-O b5 11. a4 b4 12. c4 Rb8 13. b3 Bg4 14. Rb1 Qd7 15. Qe1
Be7 16. Kh1 g6 17. Ng1 Nd4 18. Rb2 f5 19. f3 Bh5 20. Ne2 Bg5 21. Nxd4 cxd4 22.
f4 Bf6 23. fxe5 Bxe5 24. Nf3 f4 25. Nxe5 dxe5 26. gxf4 exf4 27. Bf3 Bxf3+ 28.
Rxf3 g5 29. Rbf2 Qd6 30. h3 Qe5 31. Qg1 Rb7 32. Rg2 Rg7 33. Rh2 h5 34. Rg2 Rf6
35. Rff2 g4 36. hxg4 hxg4 37. Rxg4 Qh5+ 38. Rh2 Qxg4 39. Qf2 Qd1+ 0-1

[Event "4NCL"]
[Site "Barcelo Hotel, Daventry, ENG"]
[Date "2011.03.26"]
[Round "7.44"]
[White "Livesey, R Nigel"]
[Black "Dickson, George"]
[Result "1/2-1/2"]
[WhiteElo "1884"]
[BlackElo "2104"]
[PlyCount "53"]
[EventDate "2011.??.??"]
[WhiteTeam "e2e4.org.uk 4"]
[BlackTeam "Metropolitan"]

1. c4 Nf6 2. g3 g6 3. Bg2 Bg7 4. Nc3 O-O 5. d3 c6 6. e4 e5 7. Nge2 Na6 8. O-O
Nc7 9. d4 d6 10. h3 exd4 11. Nxd4 Ne6 12. Be3 Nxd4 13. Bxd4 Be6 14. Qd3 Qa5 15.
Ne2 Qa6 16. b3 c5 17. Bc3 Rad8 18. Rfd1 Qb6 19. Nf4 Qc7 20. Qc2 Ne8 21. Qb2
Bxc3 22. Qxc3 Ng7 23. Rd2 Qe7 24. Rad1 g5 25. Ne2 f6 26. g4 Bc8 27. Qg3 1/2-1/2

[Event "4NCL"]
[Site "Barcelo Hotel, Daventry, ENG"]
[Date "2011.03.26"]
[Round "7.44"]
[White "Vachtfeidl, Petr"]
[Black "Booley, Graham M"]
[Result "1-0"]
[WhiteElo "1981"]
[BlackElo "1790"]
[PlyCount "80"]
[EventDate "2011.??.??"]
[WhiteTeam "Metropolitan"]
[BlackTeam "e2e4.org.uk 4"]

1. e4 e5 2. Nf3 Nc6 3. Bb5 a6 4. Ba4 Nf6 5. O-O b5 6. Bb3 Be7 7. d4 d6 8. c3
O-O 9. h3 exd4 10. cxd4 h6 11. Re1 d5 12. e5 Ne4 13. Nbd2 Bf5 14. Bc2 Bb4 15.
Re2 Nxd2 16. Bxd2 Bxd2 17. Qxd2 Bxc2 18. Qxc2 Ne7 19. Rc1 c6 20. Ne1 a5 21. f4
Qd7 22. Nf3 Rac8 23. Kh2 Rc7 24. Qc3 a4 25. g4 f5 26. g5 Qe6 27. Qb4 Rd8 28.
Kg3 h5 29. Ne1 h4+ 30. Kxh4 Kf7 31. Nd3 Rh8+ 32. Kg3 Qg6 33. Rh2 Qh5 34. Qd6
Qh4+ 35. Kf3 Qh5+ 36. Ke3 Rhc8 37. Nc5 Qh4 38. Kf3 Qh5+ 39. Kg3 Ke8 40. Ne6 Ng6
1-0

[Event "4NCL"]
[Site "Barcelo Hotel, Daventry, ENG"]
[Date "2011.03.26"]
[Round "7.44"]
[White "Fernandez, Michael H"]
[Black "Calvert, D Ian"]
[Result "1/2-1/2"]
[WhiteElo "1758"]
[BlackElo "1967"]
[PlyCount "62"]
[EventDate "2011.??.??"]
[WhiteTeam "e2e4.org.uk 4"]
[BlackTeam "Metropolitan"]

1. e4 d5 2. exd5 Qxd5 3. Nc3 Qd6 4. d4 Nf6 5. Bc4 a6 6. a3 Nc6 7. Be3 e5 8. Nf3
Bg4 9. dxe5 Nxe5 10. Be2 Qxd1+ 11. Rxd1 Nxf3+ 12. Bxf3 Bxf3 13. gxf3 Bd6 14.
Ne4 Nxe4 15. fxe4 O-O-O 16. Ke2 Rhe8 17. f3 g6 18. Rd3 f5 19. exf5 gxf5 20. Kf2
Re6 21. f4 Rde8 22. Kf3 Rh6 23. h3 Rhe6 24. Rh2 b5 25. b4 c6 26. Rhd2 Kc7 27.
Rg2 R8e7 28. Rg5 Rf7 29. Rg2 Rfe7 30. Re2 Rh6 31. Rh2 Rhe6 1/2-1/2

[Event "4NCL"]
[Site "Barcelo Hotel, Daventry, ENG"]
[Date "2011.03.26"]
[Round "7.45"]
[White "Evans, Craig"]
[Black "Wadsworth, Matthew J"]
[Result "1/2-1/2"]
[WhiteElo "2026"]
[BlackElo "1921"]
[PlyCount "49"]
[EventDate "2011.??.??"]
[WhiteTeam "Celtic Tigers 2"]
[BlackTeam "AMCA Hippos"]

1. d4 f5 2. Qd3 g6 3. g4 d5 4. g5 Bg7 5. Bg2 c6 6. Bf4 Nd7 7. Nf3 Qb6 8. Nbd2
c5 9. dxc5 Nxc5 10. Qe3 Qxb2 11. Be5 Bxe5 12. Rb1 Qc3 13. Qxe5 Qxe5 14. Nxe5 e6
15. c4 Ne7 16. h4 Nd7 17. Ndf3 Nxe5 18. Nxe5 Nc6 19. Nd3 dxc4 20. Bxc6+ bxc6
21. Ne5 O-O 22. h5 gxh5 23. Rxh5 Ba6 24. Rh6 Rfe8 25. Kd2 1/2-1/2

[Event "4NCL"]
[Site "Barcelo Hotel, Daventry, ENG"]
[Date "2011.03.26"]
[Round "7.45"]
[White "Lawson, Maurice E"]
[Black "Wagner, Guy"]
[Result "1/2-1/2"]
[WhiteElo "1832"]
[BlackElo "1900"]
[PlyCount "84"]
[EventDate "2011.??.??"]
[WhiteTeam "AMCA Hippos"]
[BlackTeam "Celtic Tigers 2"]

1. e4 d5 2. exd5 Qxd5 3. Nc3 Qa5 4. b4 Qxb4 5. a4 Nf6 6. Ba3 Qa5 7. Rb1 c6 8.
Be2 Nbd7 9. Nf3 e5 10. Bxf8 Nxf8 11. O-O N8d7 12. Re1 O-O 13. Bc4 h6 14. Re2 b6
15. Qe1 Re8 16. d4 e4 17. Nxe4 Qxe1+ 18. Rbxe1 Nxe4 19. Rxe4 Rxe4 20. Rxe4 Kf8
21. Rf4 f6 22. Ne5 Nxe5 23. dxe5 f5 24. e6 g6 25. g4 Ke7 26. gxf5 gxf5 27. Rh4
Bxe6 28. Bxe6 Kxe6 29. Rxh6+ Kd5 30. Kg2 b5 31. Rf6 Rg8+ 32. Kf3 bxa4 33. Rxf5+
Kc4 34. Ra5 Kb4 35. Rxa7 Rg5 36. h4 Ra5 37. c3+ Kb5 38. Rxa5+ Kxa5 39. h5 a3
40. h6 a2 41. h7 a1=Q 42. h8=Q Qd1+ 1/2-1/2

[Event "4NCL"]
[Site "Barcelo Hotel, Daventry, ENG"]
[Date "2011.03.26"]
[Round "7.45"]
[White "Larter, Nick J"]
[Black "Cresswell, Mike J"]
[Result "1-0"]
[WhiteElo "1835"]
[BlackElo "1876"]
[PlyCount "67"]
[EventDate "2011.??.??"]
[WhiteTeam "Celtic Tigers 2"]
[BlackTeam "AMCA Hippos"]

1. e4 Nf6 2. Nc3 d5 3. d4 dxe4 4. f3 exf3 5. Nxf3 Bg4 6. h3 Bxf3 7. Qxf3 e6 8.
Qxb7 Nbd7 9. Bb5 Rb8 10. Qxa7 Bb4 11. Bxd7+ Nxd7 12. O-O O-O 13. Qa4 Nf6 14.
Ne2 Be7 15. c3 c5 16. Qc2 Qb6 17. Kh1 Rfc8 18. dxc5 Bxc5 19. Qd3 Nd5 20. b4 Bd6
21. Bd2 Be5 22. Rac1 Ra8 23. a4 Rxa4 24. c4 Nf6 25. c5 Qb8 26. Qb3 Qa8 27. Bc3
Ra3 28. Qc4 Bxc3 29. Nxc3 Nd5 30. Nxd5 exd5 31. Qd4 Re8 32. c6 Re4 33. Qxd5
Rxb4 34. Qxf7+ 1-0

[Event "4NCL"]
[Site "Barcelo Hotel, Daventry, ENG"]
[Date "2011.03.26"]
[Round "7.46"]
[White "Bogoda, Sagara T"]
[Black "Ertbjerg, Andreas"]
[Result "0-1"]
[WhiteElo "1892"]
[BlackElo "2031"]
[PlyCount "116"]
[EventDate "2011.??.??"]
[WhiteTeam "SCS"]
[BlackTeam "UCL"]

1. d4 e6 2. c4 d5 3. Nc3 Nf6 4. Bg5 Be7 5. Nf3 O-O 6. e3 Nbd7 7. Be2 dxc4 8.
Bxc4 c5 9. O-O a6 10. a4 cxd4 11. Nxd4 Qa5 12. Nf3 Rd8 13. Qe2 Nb6 14. Bb3 Bd7
15. e4 Qb4 16. Nd2 Bc6 17. a5 Nc8 18. Qc4 h6 19. Bxf6 Rxd2 20. Bxe7 Qxc4 21.
Bxc4 Nxe7 22. b3 Rad8 23. f3 Rc2 24. Rac1 Rdd2 25. Rxc2 Rxc2 26. Ne2 Ra2 27. b4
Rb2 28. Rc1 Rxb4 29. Nd4 Ra4 30. Nxc6 Nxc6 31. Bxa6 bxa6 32. Rxc6 Rxa5 33. Rc8+
Kh7 34. Ra8 Ra2 35. h3 h5 36. h4 a5 37. Kh2 a4 38. Ra6 Kg6 39. Ra5 a3 40. Kg3
Ra1 41. Kf2 a2 42. Kg3 Kf6 43. Kh2 g6 44. Kg3 Ke7 45. Kh2 Kd6 46. Kg3 Kc6 47.
Ra8 Kc5 48. Rc8+ Kd4 49. Ra8 Ke3 50. Ra3+ Ke2 51. Ra6 f6 52. Ra5 g5 53. hxg5
fxg5 54. Kh2 Kf2 55. Ra3 g4 56. fxg4 hxg4 57. g3 e5 58. Rc3 Rh1+ 0-1

[Event "4NCL"]
[Site "Barcelo Hotel, Daventry, ENG"]
[Date "2011.03.26"]
[Round "7.46"]
[White "Afonin, Iaroslav"]
[Black "Lutton, J Arnold"]
[Result "0-1"]
[WhiteElo "1950"]
[BlackElo "1826"]
[PlyCount "88"]
[EventDate "2011.??.??"]
[WhiteTeam "UCL"]
[BlackTeam "SCS"]

1. d4 e6 2. c4 Be7 3. Nf3 c6 4. e4 d6 5. Nc3 Nf6 6. Bd3 d5 7. e5 Nfd7 8. cxd5
cxd5 9. O-O a6 10. Bd2 Nc6 11. a3 Nb6 12. b3 Bd7 13. g4 h6 14. Ne2 Qc7 15. Nf4
O-O-O 16. Qe2 Kb8 17. Rfc1 Rc8 18. a4 Qd8 19. a5 Na8 20. Bxa6 bxa6 21. Qxa6 Nb4
22. Bxb4 Bxb4 23. Nd3 Rxc1+ 24. Nxc1 Qc8 25. Qf1 Qc3 26. Na2 Qxf3 27. Nxb4
Qxg4+ 28. Kh1 Qxd4 29. Na6+ Kb7 30. b4 Qc4 31. Nc5+ Kc8 32. Qe1 Bc6 33. Rc1 Qb5
34. Nb3 d4+ 35. f3 Qd5 36. Nd2 Kb8 37. Rc5 Qd7 38. Qb1 Rc8 39. Kg1 Bb5 40. Ne4
d3 41. Nd6 Rxc5 42. bxc5 Nc7 43. Kf1 Qc6 44. Kf2 Qxc5+ 0-1

[Event "4NCL"]
[Site "Barcelo Hotel, Daventry, ENG"]
[Date "2011.03.26"]
[Round "7.47"]
[White "Paul, Barnaby J"]
[Black "Henbest, Kevin B"]
[Result "1/2-1/2"]
[WhiteElo "1618"]
[BlackElo "1740"]
[PlyCount "136"]
[EventDate "2011.??.??"]
[WhiteTeam "KJCA Knights"]
[BlackTeam "Oxford 3"]

1. c4 Nf6 2. Nc3 g6 3. g3 Bg7 4. Bg2 d6 5. d4 O-O 6. e3 Nbd7 7. Nge2 e5 8. O-O
a6 9. b3 Rb8 10. Bb2 b5 11. cxb5 axb5 12. Rc1 b4 13. Nd5 Nxd5 14. Bxd5 Bb7 15.
Bg2 Bxg2 16. Kxg2 c5 17. dxc5 Nxc5 18. f4 Qb6 19. Qd2 Qb7+ 20. Kg1 Ne4 21. Qd3
Rfc8 22. Rxc8+ Rxc8 23. Rd1 f5 24. Rc1 Rxc1+ 25. Nxc1 Qc6 26. fxe5 Bxe5 27. Qe2
Nc3 28. Qc4+ Qxc4 29. bxc4 Kf7 30. Kf1 Bf6 31. Ke1 Ke7 32. Bxc3 Bxc3+ 33. Kd1
Kd7 34. Kc2 Kc6 35. Nd3 d5 36. Kb3 dxc4+ 37. Kxc4 Bd2 38. Nxb4+ Kd6 39. Nc2 g5
40. Nd4 f4 41. gxf4 gxf4 42. Kd3 fxe3 43. Nf5+ Kc5 44. Nxe3 Bc1 45. Nc4 Kb4 46.
Kd4 Bf4 47. h3 Bg3 48. a3+ Ka4 49. Kc3 Be1+ 50. Kb2 Bf2 51. Nd2 Bd4+ 52. Ka2
Bc5 53. Nc4 Be7 54. Nb6+ Ka5 55. Nd5 Bg5 56. Kb3 Bd2 57. a4 Be1 58. Ne3 Kb6 59.
Nc4+ Kc5 60. Ne5 Kd5 61. Nd3 Ba5 62. Nb4+ Ke4 63. Nc6 Bc7 64. Kb4 Kf4 65. Kb5
Kg3 66. Ka6 Bf4 67. Kb5 Bc7 68. Ka6 Bf4 1/2-1/2

[Event "4NCL"]
[Site "Barcelo Hotel, Daventry, ENG"]
[Date "2011.03.26"]
[Round "7.48"]
[White "Bruce, David J"]
[Black "White, Martin"]
[Result "1-0"]
[WhiteElo "2064"]
[BlackElo "1798"]
[PlyCount "105"]
[EventDate "2011.??.??"]
[WhiteTeam "Banbury Bulldogs"]
[BlackTeam "Bristol 3"]

1. e4 c5 2. Nf3 g6 3. d4 cxd4 4. Nxd4 Nc6 5. Nc3 Nf6 6. Be3 Bg7 7. Bc4 O-O 8.
Bb3 a5 9. a3 a4 10. Ba2 d6 11. h3 Nxd4 12. Bxd4 Bd7 13. O-O Bc6 14. Re1 Nd7 15.
Bxg7 Kxg7 16. Qd4+ Kg8 17. Rad1 Qa5 18. Nd5 Rfe8 19. Re3 Rac8 20. c3 Qc5 21.
Nb4 Qxd4 22. Rxd4 Nc5 23. f3 Kf8 24. Kf2 b6 25. Re1 Bb7 26. Red1 f6 27. Bd5
Bxd5 28. Nxd5 Rb8 29. Rb4 b5 30. Nc7 Rec8 31. Rxb5 Rxb5 32. Nxb5 Nb3 33. Ke3
Na5 34. Rd4 Nc4+ 35. Rxc4 Rxc4 36. Kd3 Rc8 37. c4 Rb8 38. Kc3 Ke8 39. Kb4 Kd7
40. Kxa4 Kc6 41. b4 e5 42. Nc3 f5 43. Kb3 fxe4 44. Nxe4 d5 45. cxd5+ Kxd5 46.
a4 Rc8 47. b5 Rc1 48. Kb4 h6 49. Ka5 Ra1 50. Kb6 Kc4 51. a5 Kb4 52. a6 Ra5 53.
Nd6 1-0

[Event "4NCL"]
[Site "Barcelo Hotel, Daventry, ENG"]
[Date "2011.03.27"]
[Round "8.31"]
[White "Maciol, Ryszard"]
[Black "Pleasants, Allan J"]
[Result "1-0"]
[WhiteElo "2178"]
[BlackElo "2056"]
[PlyCount "71"]
[EventDate "2011.??.??"]
[WhiteTeam "Celtic Tigers 1"]
[BlackTeam "Wessex 2"]

1. d4 g6 2. c4 Bg7 3. Nc3 d6 4. e4 c6 5. Be3 Qc7 6. Qd2 Nd7 7. Be2 a6 8. h3 b5
9. a3 bxc4 10. Bxc4 Rb8 11. Nf3 Nb6 12. Ba2 h6 13. b4 Nf6 14. Rc1 Qb7 15. O-O
g5 16. e5 Nfd5 17. Ne4 Bf5 18. Ng3 Bg6 19. h4 g4 20. h5 gxf3 21. hxg6 fxg2 22.
gxf7+ Kxf7 23. Kxg2 Qd7 24. Qe2 h5 25. Rh1 h4 26. Qf3+ Kg8 27. Ne4 Rf8 28. Qh3
Rf5 29. exd6 Qe6 30. Ng5 Nxe3+ 31. Qxe3 Qxa2 32. dxe7 Qd5+ 33. Kh2 Rxg5 34.
e8=Q+ Kh7 35. Q3e4+ Qxe4 36. Qxe4+ 1-0

[Event "4NCL"]
[Site "Barcelo Hotel, Daventry, ENG"]
[Date "2011.03.27"]
[Round "8.31"]
[White "Furjel, Andrej"]
[Black "Pedersen, Carsten"]
[Result "1-0"]
[WhiteElo "2031"]
[BlackElo "2163"]
[PlyCount "49"]
[EventDate "2011.??.??"]
[WhiteTeam "Wessex 2"]
[BlackTeam "Celtic Tigers 1"]

1. e4 e6 2. d4 d5 3. exd5 exd5 4. c4 Nf6 5. Nf3 Bb4+ 6. Nc3 O-O 7. Be2 dxc4 8.
O-O Bxc3 9. bxc3 b5 10. Bg5 Qd6 11. a4 c6 12. Bxf6 Qxf6 13. Ne5 a6 14. Bf3 Ra7
15. Re1 Rc7 16. Qd2 Rd8 17. Qb2 Qd6 18. Nxc4 Qf6 19. Ne5 Be6 20. Qb4 g6 21. Qc5
Bd5 22. axb5 axb5 23. Bxd5 Rxd5 24. Ng4 Qd8 25. Nf6+ 1-0

[Event "4NCL"]
[Site "Barcelo Hotel, Daventry, ENG"]
[Date "2011.03.27"]
[Round "8.31"]
[White "Quinn, John M"]
[Black "Taylor-Bowd, Philip J"]
[Result "1-0"]
[WhiteElo "2143"]
[BlackElo "2033"]
[PlyCount "71"]
[EventDate "2011.??.??"]
[WhiteTeam "Celtic Tigers 1"]
[BlackTeam "Wessex 2"]

1. d4 d6 2. Nf3 Bg4 3. c4 Bxf3 4. exf3 c6 5. Be3 g6 6. Nc3 Bg7 7. g4 e6 8. h4
h5 9. Qd2 Nf6 10. Be2 d5 11. Bg5 Qa5 12. b3 Nbd7 13. a3 Kf8 14. Kf1 Re8 15. Bf4
e5 16. dxe5 Nxe5 17. b4 Qd8 18. g5 Nxf3 19. Bxf3 Ne4 20. Bxe4 dxe4 21. Qxd8
Rxd8 22. Rd1 Ke7 23. Rxd8 Rxd8 24. Rh3 f5 25. gxf6+ Bxf6 26. Ke2 Rd3 27. Rxd3
exd3+ 28. Kxd3 Bxh4 29. Ne4 g5 30. Bxg5+ Bxg5 31. Nxg5 Kf6 32. f4 Kf5 33. Ke3
Kg4 34. Ke4 h4 35. Nf3 h3 36. f5 1-0

[Event "4NCL"]
[Site "Barcelo Hotel, Daventry, ENG"]
[Date "2011.03.27"]
[Round "8.31"]
[White "Gregory, Keith DF"]
[Black "French, Angus J"]
[Result "1/2-1/2"]
[WhiteElo "2062"]
[BlackElo "2118"]
[PlyCount "115"]
[EventDate "2011.??.??"]
[WhiteTeam "Wessex 2"]
[BlackTeam "Celtic Tigers 1"]

1. Nf3 d5 2. c4 e6 3. b3 dxc4 4. bxc4 e5 5. Nc3 Nd7 6. d3 Ngf6 7. Bd2 Bd6 8.
Qc2 O-O 9. g3 Nc5 10. Bg2 h6 11. O-O Bf5 12. e4 Bg4 13. h3 Bxf3 14. Bxf3 Qd7
15. Kg2 Be7 16. Be2 Rad8 17. Be3 Nh7 18. Rad1 Ng5 19. Bg4 Nge6 20. Nd5 b6 21.
f4 exf4 22. Nxe7+ Qxe7 23. gxf4 Nd4 24. Qf2 Nde6 25. Be2 f5 26. e5 Rd7 27. Qf3
Rfd8 28. Qc6 Nxd3 29. Qf3 Nec5 30. Kh1 Qe6 31. Bxc5 Nxc5 32. Rd5 Ne4 33. Rxd7
Rxd7 34. Rd1 Rxd1+ 35. Bxd1 Kh7 36. Bb3 Qd7 37. Qe3 Qc6 38. Kh2 g5 39. Qd4 gxf4
40. Bc2 f3 41. Qd8 Qe6 42. Qxc7+ Kg6 43. Bb3 Nc5 44. Kg3 f2 45. Kg2 a5 46. Bd1
f1=Q+ 47. Kxf1 Qxc4+ 48. Be2 Qf4+ 49. Kg2 Qe4+ 50. Kf2 Qf4+ 51. Kg2 Ne4 52.
Qxb6+ Kg7 53. Qc7+ Kh8 54. Qd8+ Kg7 55. Qe7+ Kh8 56. Qf8+ Kh7 57. Qf7+ Kh8 58.
Qf8+ 1/2-1/2